Statistiken für Gilmore Girls Figuren

Klicken Sie hier um das Quiz zu spielen!

Allgemein

  • Dieses Quiz wurde 80 mal gespielt
  • Das Durchschnittsergebnis liegt bei 26 aus 74

Antwortstatistiken

HintAntwort% Korrekt
MainRory Gilmore
100%
MainLorelai Gilmore
97%
MainLuke Danes
97%
MainDean Forester
91%
MainJess Mariano
91%
MainRichard Gilmore
89%
MainLane Kim
88%
MainEmily Gilmore
86%
MainParis Geller
86%
MainLogan Huntzberger
83%
MainKirk Gleason
78%
SecondaryMrs. Kim
77%
SecondaryChristopher Hayden
75%
MainSookie St. James
75%
MainMichel Gerard
72%
SecondaryMiss Patty
61%
SecondaryTaylor Doose
61%
SecondaryMax Medina
59%
SecondaryBabette Dell
58%
SecondaryTristin Dugray
58%
SecondaryJackson Belleville
55%
SecondaryLiz Danes
55%
UnseenMr Kim
53%
SecondaryGil
50%
SecondaryMitchum Huntzberger
47%
SecondaryDave Rygalski
44%
SecondaryApril Nardini
42%
SecondaryAnna Nardini
38%
SecondaryTJ
36%
MainJason Stiles
34%
SecondaryLouise Grant
34%
SecondaryLorelai "Trix" Gilmore
30%
SecondaryMadeline Lynn
28%
GastPaul Anka
28%
SecondaryDoyle McMaster
27%
SecondaryLulu Kuscher
27%
UnseenAl
25%
SecondaryLindsay Lister
25%
SecondaryMarty
25%
SecondaryZach van Gerbig
25%
SecondaryFinn Morgan
22%
SecondaryGypsy
22%
SecondaryRachel
22%
SecondaryBrian Fuller
17%
SecondaryLucy
17%
GastMia
17%
SecondaryNicole Leahy
17%
SecondaryDrella
14%
UnseenMrs. Gleason
14%
SecondaryTom
13%
SecondaryColin McCrae
11%
GastAsher Fleming
9%
SecondaryDavey Belleville
9%
SecondaryHanlin Charleston
8%
SecondaryMartha Belleville
8%
SecondarySophie Bloom
8%
UnseenBitty Charleston
6%
GastMadeleine Albright
6%
SecondaryOlivia Morquont
5%
SecondaryRoon
5%
GastAndy
3%
GastBeau Belleville
3%
UnseenEast Side Tilly
3%
GastShane (Jess Freundin)
3%
GastSherry Tinsdale
3%
UnseenSookie's 3. Kind
3%
SecondaryFrancine Jarvis
2%
GastLucas
2%
GastSasha (Freundin von Jess Vater)
2%
GastThe Bangles
2%
GastTobin
2%
GastCarolyn Bates
0%
GastLaDawn
0%
GastPeyton Sanders
0%

Verteilung der Resultate

Perzentil nach korrekt beantworteten Fragen

Anzahl Personen mit jedem Resultat

Ihre Resultats-Entwicklung

Sie haben dieses Quiz noch nicht gespielt